[Event "Niedersachsen-ch 2020"]
[Site "Verden-Aller"]
[Date "2020.01.04"]
[Round "6.11"]
[White "Schumacher, Klaus"]
[Black "Santos, Jose"]
[Result "1/2-1/2"]
[WhiteElo "1680"]
[BlackElo "1771"]
[Annotator "NA"]
[PlyCount "56"]
[EventDate "2020.01.02"]
[EventType "swiss"]
[EventCountry "GER"]
[SourceTitle "playchess.com"]
[Source "ChessBase"]
[SourceQuality "1"]
[TimeControl "40/5400+30:1800+30"]

1. c4 {[%emt 0:00:00]} Nf6 {[%emt 0:00:00]} 2. g3 {[%emt 0:00:00]} d5 {[%emt 0:00:04]} 3. cxd5 {[%emt 0:00:00]} Nxd5 {[%emt 0:00:07]} 4. d4 {[%emt 0:01:22]} g6 {[%emt 0:00:30]} 5. Bg2 {[%emt 0:00:12]} Bg7 {[%emt 0:00:25]} 6. Nf3 {[%emt 0:01:16]} O-O {[%emt 0:01:47]} 7. O-O {[%emt 0:02:06]} c6 {[%emt 0:06:47]} 8. e4 {[%emt 0:03:59]} Nb6 {[%emt 0:02:32]} 9. Nc3 {[%emt 0:01:12]} Bg4 {[%emt 0:01:44]} 10. Be3 {[%emt 0:06:10]} Nc4 {[%emt 0:06:37]} 11. Qb3 {[%emt 0:03:18]} Nxe3 {[%emt 0:11:35]} 12. fxe3 {[%emt 0:00:10]} Qb6 {[%emt 0:00:40]} 13. Qc4 {[%emt 0:11:17]} Bh6 {[%emt 0:03:27]} 14. Ne5 {[%emt 0:18:30]} Bxe3+ {[%emt 0:07:10]} 15. Kh1 {[%emt 0:00:08]} Be6 {[%emt 0:00:52]} 16. d5 {[%emt 0:00:09]} cxd5 {[%emt 0:03:04]} 17. exd5 {[%emt 0:07:21]} Bf5 {[%emt 0:06:45]} 18. g4 {[%emt 0:03:20]} Nd7 {[%emt 0:20:18]} 19. Nxf7 {[%emt 0:04:18]} Rac8 {[%emt 0:01:47]} 20. Qe2 {[%emt 0:05:13]} Rxf7 {[%emt 0:03:27]} 21. gxf5 {[%emt 0:02:32]} Nf6 {[%emt 0:01:22]} 22. fxg6 {[%emt 0:01:05]} hxg6 {[%emt 0:00:01]} 23. d6 {[%emt 0:01:52]} Bc5 {[%emt 0:01:05]} 24. Nd5 {[%emt 0:02:10]} Qxd6 {[%emt 0:00:50]} 25. Nxf6+ {[%emt 0:01:47]} Rxf6 {[%emt 0:00:52]} 26. Rxf6 {[%emt 0:01:58]} exf6 {[%emt 0:01:59]} 27. Rd1 {[%emt 0:01:26]} Qe5 {[%emt 0:03:02]} 28. Qg4 {[%emt 0:04:00]} Qf5 {[%emt 0:04:10]} 1/2-1/2

[Event "Niedersachsen-ch 2020"]
[Site "Verden-Aller"]
[Date "2020.01.04"]
[Round "6.12"]
[White "Korb, Ruben"]
[Black "Wetjen, Fabian"]
[Result "0-1"]
[WhiteElo "1709"]
[BlackElo "1748"]
[Annotator "NA"]
[PlyCount "68"]
[EventDate "2020.01.02"]
[EventType "swiss"]
[EventCountry "GER"]
[SourceTitle "playchess.com"]
[Source "ChessBase"]
[SourceQuality "1"]
[TimeControl "40/5400+30:1800+30"]

1. e4 {[%emt 0:00:00]} e6 {[%emt 0:00:00]} 2. d4 {[%emt 0:01:34]} d5 {[%emt 0:00:00]} 3. e5 {[%emt 0:00:28]} c5 {[%emt 0:00:00]} 4. Nf3 {[%emt 0:02:01]} cxd4 {[%emt 0:01:15]} 5. Nxd4 {[%emt 0:00:30]} Nc6 {[%emt 0:01:39]} 6. Bb5 {[%emt 0:01:54]} Bd7 {[%emt 0:03:57]} 7. f4 {[%emt 0:09:12]} Nxd4 {[%emt 0:03:23]} 8. Bxd7+ {[%emt 0:00:13]} Qxd7 {[%emt 0:00:08]} 9. Qxd4 {[%emt 0:00:06]} Ne7 {[%emt 0:10:56]} 10. Nd2 {[%emt 0:06:45]} Nc6 {[%emt 0:01:49]} 11. Qd3 {[%emt 0:00:32]} Nb4 {[%emt 0:02:33]} 12. Qb3 {[%emt 0:00:16]} Rc8 {[%emt 0:07:57]} 13. c4 {[%emt 0:04:08]} b5 {[%emt 0:00:39]} 14. Nf3 {[%emt 0:10:12]} bxc4 {[%emt 0:10:39]} 15. Qc3 {[%emt 0:02:05]} Nd3+ {[%emt 0:00:13]} 16. Ke2 {[%emt 0:00:50]} Bb4 {[%emt 0:04:55]} 17. Qc2 {[%emt 0:00:16]} d4 {[%emt 0:06:29]} 18. Bd2 {[%emt 0:10:22]} Nxf4+ {[%emt 0:02:06]} 19. Kf1 {[%emt 0:00:28]} d3 {[%emt 0:01:20]} 20. Qd1 {[%emt 0:02:50]} Bxd2 {[%emt 0:01:01]} 21. Qxd2 {[%emt 0:00:03]} Ne2 {[%emt 0:03:00]} 22. Rd1 {[%emt 0:08:21]} O-O {[%emt 0:09:29]} 23. Kf2 {[%emt 0:01:33]} Nd4 {[%emt 0:05:53]} 24. Rhe1 {[%emt 0:06:30]} Nxf3 {[%emt 0:01:19]} 25. gxf3 {[%emt 0:00:16]} Qd4+ {[%emt 0:02:05]} 26. Kg2 {[%emt 0:01:09]} f5 {[%emt 0:07:03]} 27. Rc1 {[%emt 0:09:28]} Rb8 {[%emt 0:02:01]} 28. Rc3 {[%emt 0:00:08]} Rfd8 {[%emt 0:02:47]} 29. f4 {[%emt 0:03:44]} g5 {[%emt 0:02:39]} 30. fxg5 {[%emt 0:01:57]} Qg4+ {[%emt 0:00:23]} 31. Kh1 {[%emt 0:00:30]} Qf3+ {[%emt 0:01:00]} 32. Kg1 {[%emt 0:00:53]} Rd4 {[%emt 0:00:41]} 33. Qf2 {[%emt 0:01:52]} Rg4+ {[%emt 0:00:18]} 34. Kf1 {[%emt 0:00:04]} Qh1+ {[%emt 0:00:13] Rcc1} 0-1

[Event "Niedersachsen-ch 2020"]
[Site "Verden-Aller"]
[Date "2020.01.05"]
[Round "7.1"]
[White "Voege, Tobias"]
[Black "Mueer, Sebastian"]
[Result "1-0"]
[WhiteElo "2310"]
[BlackElo "2223"]
[Annotator "RC"]
[PlyCount "49"]
[EventDate "2020.01.02"]
[EventType "swiss"]
[EventCountry "GER"]
[SourceTitle "playchess.com"]
[Source "ChessBase"]
[SourceQuality "1"]
[TimeControl "40/5400+30:1800+30"]

1. d4 {[%emt 0:00:00]} Nf6 {[%emt 0:00:00]} 2. c4 {[%emt 0:00:00]} g6 {[%emt 0:00:00]} 3. Nc3 {[%emt 0:00:00]} Bg7 {[%emt 0:00:00]} 4. Nf3 {[%emt 0:00:00]} O-O {[%emt 0:00:06]} 5. Bg5 {[%emt 0:00:00]} h6 {[%emt 0:00:10]} 6. Bh4 {[%emt 0:00:00]} c5 {[%emt 0:00:09]} 7. d5 {[%emt 0:00:00]} d6 {[%emt 0:00:10]} 8. e3 {[%emt 0:00:07]} Bf5 {[%emt 0:00:08]} 9. Bd3 {[%emt 0:00:42]} Bxd3 {[%emt 0:00:09]} 10. Qxd3 {[%emt 0:00:03]} Nbd7 {[%emt 0:14:20]} 11. O-O {[%emt 0:00:32]} a6 {[%emt 0:02:10]} 12. a4 {[%emt 0:07:49]} g5 {[%emt 0:01:11]} 13. Bg3 {[%emt 0:00:24]} Nh5 {[%emt 0:00:09]} 14. Ne2 {[%emt 0:15:51]} b5 {[%emt 0:09:02]} 15. axb5 {[%emt 0:14:41]} axb5 {[%emt 0:00:11]} 16. Rxa8 {[%emt 0:00:51]} Qxa8 {[%emt 0:00:02]} 17. cxb5 {[%emt 0:14:36]} Bxb2 {[%emt 0:18:14]} 18. Qf5 {[%emt 0:05:46]} Qc8 {[%emt 0:08:51]} 19. Qe4 {[%emt 0:14:10]} Bf6 {[%emt 0:14:46]} 20. h4 {[%emt 0:04:28]} Nb6 {[%emt 0:00:01]} 21. hxg5 {[%emt 0:04:08]} hxg5 {[%emt 0:01:52]} 22. Nh2 {[%emt 0:00:31]} Ng7 {[%emt 0:02:45]} 23. Ng4 {[%emt 0:02:18]} Qb7 {[%emt 0:08:59]} 24. Bxd6 {[%emt 0:01:31]} Rd8 {[%emt 0:01:54]} 25. Nh6+ {[%emt 0:03:28]} 1-0

[Event "Niedersachsen-ch 2020"]
[Site "Verden-Aller"]
[Date "2020.01.05"]
[Round "7.2"]
[White "Abel, Dennes"]
[Black "Hampel, Felix"]
[Result "1/2-1/2"]
[WhiteElo "2463"]
[BlackElo "2290"]
[Annotator "ChessBase"]
[PlyCount "25"]
[EventDate "2020.01.02"]
[EventType "swiss"]
[EventCountry "GER"]
[SourceTitle "playchess.com"]
[Source "ChessBase"]
[SourceQuality "1"]
[TimeControl "40/5400+30:1800+30"]

1. d4 {[%emt 0:00:00]} d5 {[%emt 0:00:00]} 2. c4 {[%emt 0:00:00]} c6 {[%emt 0:00:00]} 3. cxd5 {[%emt 0:00:26]} cxd5 {[%emt 0:00:00]} 4. Nc3 {[%emt 0:00:06]} Nf6 {[%emt 0:00:00]} 5. Bf4 {[%emt 0:00:20]} Nc6 {[%emt 0:00:15]} 6. e3 {[%emt 0:00:25]} Bf5 {[%emt 0:00:14]} 7. Nf3 {[%emt 0:00:23]} e6 {[%emt 0:01:53]} 8. Qb3 {[%emt 0:01:17]} Bb4 {[%emt 0:00:49]} 9. Ne5 {[%emt 0:00:11]} Qa5 {[%emt 0:11:09]} 10. a3 {[%emt 0:21:15]} Bxc3+ {[%emt 0:03:08]} 11. Qxc3 {[%emt 0:06:08]} Qxc3+ {[%emt 0:09:38]} 12. bxc3 {[%emt 0:00:16]} Na5 {[%emt 0:01:13]} 13. c4 {[%emt 0:18:53]} 1/2-1/2

[Event "Niedersachsen-ch 2020"]
[Site "Verden-Aller"]
[Date "2020.01.05"]
[Round "7.3"]
[White "Hoerstmann, Rudi"]
[Black "Riemay, David"]
[Result "0-1"]
[WhiteElo "2241"]
[BlackElo "2139"]
[Annotator "NA"]
[PlyCount "74"]
[EventDate "2020.01.02"]
[EventType "swiss"]
[EventCountry "GER"]
[SourceTitle "playchess.com"]
[Source "ChessBase"]
[SourceQuality "1"]
[TimeControl "40/5400+30:1800+30"]

1. d4 {[%emt 0:00:00]} d5 {[%emt 0:00:00]} 2. c4 {[%emt 0:00:00]} e6 {[%emt 0:00:00]} 3. Nc3 {[%emt 0:00:00]} Nf6 {[%emt 0:00:00]} 4. cxd5 {[%emt 0:00:00]} exd5 {[%emt 0:00:00]} 5. Bg5 {[%emt 0:00:02]} c6 {[%emt 0:00:00]} 6. e3 {[%emt 0:00:44]} Be6 {[%emt 0:00:00]} 7. Bd3 {[%emt 0:00:49]} Nbd7 {[%emt 0:00:08]} 8. Qc2 {[%emt 0:00:28]} h6 {[%emt 0:00:06]} 9. Bh4 {[%emt 0:00:31]} g5 {[%emt 0:00:05]} 10. Bg3 {[%emt 0:00:11]} Nh5 {[%emt 0:00:08]} 11. Nge2 {[%emt 0:02:28]} Nxg3 {[%emt 0:00:06]} 12. Nxg3 {[%emt 0:00:26]} h5 {[%emt 0:00:06]} 13. O-O-O {[%emt 0:01:38]} Qf6 {[%emt 0:02:02]} 14. Nf5 {[%emt 0:22:49]} O-O-O {[%emt 0:03:44]} 15. g3 {[%emt 0:08:05]} Kb8 {[%emt 0:02:31]} 16. Kb1 {[%emt 0:00:23]} Rc8 {[%emt 0:00:29]} 17. h3 {[%emt 0:16:51]} c5 $11 {[%emt 0:01:37]} 18. dxc5 {[%emt 0:07:06]} Bxc5 19. Nd4 {[%emt 0:10:15]} Ne5 {[%emt 0:09:39]} 20. Ka1 {[%emt 0:05:07]} Bxd4 {[%emt 0:05:54]} 21. exd4 {[%emt 0:00:08]} Nf3 {[%emt 0:01:22]} 22. Bf1 {[%emt 0:10:11]} Nxd4 {[%emt 0:02:18]} 23. Qd2 {[%emt 0:01:58]} Nf3 {[%emt 0:02:13]} 24. Qd3 {[%emt 0:00:14]} d4 {[%emt 0:08:07]} 25. Ne4 {[%emt 0:00:47]} Qf5 {[%emt 0:00:05]} 26. Bg2 {[%emt 0:01:41]} Qa5 {[%emt 0:10:37]} 27. Qb1 {[%emt 0:00:23]} Ne5 {[%emt 0:01:54]} 28. Nd6 {[%emt 0:06:03]} Rc2 {[%emt 0:07:33]} 29. Rxd4 {[%emt 0:00:21]} Rxf2 {[%emt 0:01:34]} 30. Bxb7 {[%emt 0:00:05]} Rd8 {[%emt 0:01:38]} 31. Be4 {[%emt 0:02:24]} Rxd6 {[%emt 0:08:15]} 32. Rxd6 {[%emt 0:00:02]} Nc4 {[%emt 0:00:08]} 33. Rxe6 {[%emt 0:01:49]} fxe6 {[%emt 0:00:41]} 34. Qd3 {[%emt 0:00:31]} Rxb2 {[%emt 0:04:58]} 35. Qxc4 {[%emt 0:00:22]} Qe5 {[%emt 0:00:02]} 36. Rc1 {[%emt 0:02:36]} Rc2+ {[%emt 0:00:11]} 37. Kb1 {[%emt 0:00:26]} Qb2# {[%emt 0:00:05]} 0-1

[Event "Niedersachsen-ch 2020"]
[Site "Verden-Aller"]
[Date "2020.01.05"]
[Round "7.4"]
[White "Schulze, Torben"]
[Black "Renner, Kai"]
[Result "1-0"]
[WhiteElo "2266"]
[BlackElo "2180"]
[Annotator "NA"]
[PlyCount "117"]
[EventDate "2020.01.02"]
[EventType "swiss"]
[EventCountry "GER"]
[SourceTitle "playchess.com"]
[Source "ChessBase"]
[SourceQuality "1"]
[TimeControl "40/5400+30:1800+30"]

1. e4 c5 {[%emt 0:00:00]} 2. Nf3 {[%emt 0:01:46]} e6 {[%emt 0:00:14]} 3. c3 {[%emt 0:00:09]} d5 {[%emt 0:00:50]} 4. e5 {[%emt 0:00:04]} Nc6 {[%emt 0:00:34]} 5. d4 {[%emt 0:00:07]} Bd7 {[%emt 0:01:32]} 6. Be2 {[%emt 0:00:50]} f6 {[%emt 0:04:41]} 7. O-O {[%emt 0:00:37]} fxe5 {[%emt 0:02:38]} 8. Nxe5 {[%emt 0:00:03]} Nxe5 {[%emt 0:00:12]} 9. dxe5 {[%emt 0:00:02]} Ne7 {[%emt 0:04:46]} 10. Bd3 $11 {[%emt 0:04:36]} Qc7 {[%emt 0:03:01]} 11. Qh5+ {[%emt 0:03:41]} g6 {[%emt 0:02:35]} 12. Qe2 {[%emt 0:00:08]} Bg7 {[%emt 0:05:13]} 13. f4 {[%emt 0:01:59]} O-O-O {[%emt 0:04:32]} 14. Nd2 {[%emt 0:01:24]} Nc6 {[%emt 0:05:35]} 15. Nf3 {[%emt 0:02:30]} Bf8 {[%emt 0:07:04]} 16. Rb1 {[%emt 0:11:48]} c4 {[%emt 0:05:16]} 17. Bc2 {[%emt 0:00:10]} Bc5+ {[%emt 0:03:07]} 18. Kh1 {[%emt 0:02:45]} Ne7 {[%emt 0:06:33]} 19. Be3 {[%emt 0:06:37]} Kb8 {[%emt 0:08:35]} 20. Rfd1 {[%emt 0:06:44]} Rdf8 {[%emt 0:01:12]} 21. Qf2 {[%emt 0:03:14]} b6 {[%emt 0:03:10]} 22. b4 {[%emt 0:08:56]} cxb3 {[%emt 0:01:17]} 23. Bxb3 {[%emt 0:00:09]} Ka8 {[%emt 0:06:17]} 24. Qe2 {[%emt 0:06:57]} Bxe3 {[%emt 0:07:35]} 25. Qxe3 {[%emt 0:00:02]} Nf5 {[%emt 0:00:25]} 26. Qd3 {[%emt 0:01:56]} Rc8 {[%emt 0:03:02]} 27. c4 {[%emt 0:18:59]} dxc4 {[%emt 0:01:30]} 28. Qxd7 {[%emt 0:00:57]} Qxd7 {[%emt 0:04:45]} 29. Rxd7 {[%emt 0:00:02]} cxb3 {[%emt 0:00:09]} 30. axb3 {[%emt 0:00:05]} Rhd8 {[%emt 0:04:52]} 31. Rxh7 {[%emt 0:01:34]} Nd4 {[%emt 0:03:43]} 32. Ng5 {[%emt 0:00:14]} Nxb3 {[%emt 0:00:16]} 33. Nxe6 {[%emt 0:00:29]} Rd3 {[%emt 0:00:26]} 34. Rg7 {[%emt 0:03:16]} a5 {[%emt 0:00:05]} 35. Rxg6 {[%emt 0:02:41]} a4 {[%emt 0:00:07]} 36. Rg3 {[%emt 0:01:13]} Rdc3 {[%emt 0:00:07]} 37. Kg1 {[%emt 0:03:33]} Rxg3 {[%emt 0:01:24]} 38. hxg3 {[%emt 0:00:02]} Rc1+ {[%emt 0:01:02]} 39. Rxc1 {[%emt 0:00:01]} Nxc1 {[%emt 0:00:06]} 40. Nd4 {[%emt 0:05:24]} Kb7 {[%emt 0:01:01]} 41. e6 {[%emt 0:06:08]} Kc7 {[%emt 0:00:56]} 42. f5 {[%emt 0:01:27]} Kd6 {[%emt 0:01:48]} 43. f6 {[%emt 0:06:55]} Ne2+ {[%emt 0:00:50]} 44. Nxe2 {[%emt 0:00:01]} Kxe6 {[%emt 0:00:08]} 45. Nc3 {[%emt 0:00:09]} a3 {[%emt 0:00:27]} 46. g4 {[%emt 0:00:36]} Kxf6 {[%emt 0:01:55]} 47. Kf2 {[%emt 0:00:37]} b5 {[%emt 0:00:20]} 48. Na2 {[%emt 0:00:07]} Kg6 {[%emt 0:01:27]} 49. Kf3 {[%emt 0:01:16]} Kg5 {[%emt 0:00:12]} 50. g3 {[%emt 0:00:07]} Kg6 {[%emt 0:00:05]} 51. Kf4 {[%emt 0:00:04]} Kf6 {[%emt 0:00:04]} 52. g5+ {[%emt 0:00:06]} Kg6 {[%emt 0:00:13]} 53. Kg4 {[%emt 0:00:02]} Kg7 {[%emt 0:00:06]} 54. Kf5 {[%emt 0:00:02]} Kf7 {[%emt 0:00:06]} 55. g6+ {[%emt 0:00:07]} Kg7 {[%emt 0:00:04]} 56. Kg5 {[%emt 0:00:04]} Kg8 {[%emt 0:00:04]} 57. Kh6 {[%emt 0:00:15]} Kh8 {[%emt 0:00:04]} 58. g7+ {[%emt 0:00:11]} Kg8 {[%emt 0:00:07]} 59. Nb4 {[%emt 0:00:04]} 1-0

[Event "Niedersachsen-ch 2020"]
[Site "Verden-Aller"]
[Date "2020.01.05"]
[Round "7.5"]
[White "Ermel, Dirk"]
[Black "Pubantz, Jan"]
[Result "0-1"]
[WhiteElo "2125"]
[BlackElo "2233"]
[Annotator "NA"]
[PlyCount "50"]
[EventDate "2020.01.02"]
[EventType "swiss"]
[EventCountry "GER"]
[SourceTitle "playchess.com"]
[Source "ChessBase"]
[SourceQuality "1"]
[TimeControl "40/5400+30:1800+30"]

1. d4 {[%emt 0:00:09]} d5 {[%emt 0:00:52]} 2. Bf4 {[%emt 0:00:18]} Nf6 {[%emt 0:00:48]} 3. e3 {[%emt 0:00:20]} c5 {[%emt 0:00:34]} 4. c3 {[%emt 0:00:21]} Nc6 {[%emt 0:00:14]} 5. Nf3 {[%emt 0:00:56]} Qb6 {[%emt 0:05:08]} 6. Qb3 {[%emt 0:06:41]} c4 $11 {[%emt 0:00:12]} 7. Qxb6 {[%emt 0:09:40]} axb6 {[%emt 0:00:02]} 8. Na3 {[%emt 0:00:41]} Na7 {[%emt 0:03:40]} 9. Be2 {[%emt 0:08:13]} Bf5 {[%emt 0:03:40]} 10. Ne5 {[%emt 0:10:44]} h5 {[%emt 0:20:45]} 11. Rc1 {[%emt 0:09:32]} b5 {[%emt 0:05:51]} 12. Nc2 {[%emt 0:00:45]} Nc8 {[%emt 0:03:24]} 13. Nb4 {[%emt 0:04:54]} e6 {[%emt 0:07:44]} 14. a3 {[%emt 0:00:13]} Nb6 {[%emt 0:03:06]} 15. Bd1 {[%emt 0:00:17]} Ne4 {[%emt 0:10:38]} 16. f3 {[%emt 0:16:51]} Nd6 {[%emt 0:00:19]} 17. Bc2 {[%emt 0:02:11]} Na4 {[%emt 0:11:42]} 18. Bxf5 {[%emt 0:01:55]} Nxf5 {[%emt 0:00:15]} 19. Rc2 {[%emt 0:00:21]} Be7 {[%emt 0:04:19]} 20. Kd2 {[%emt 0:12:18]} g5 {[%emt 0:02:12]} 21. Bg3 {[%emt 0:00:13]} Bxb4 {[%emt 0:01:16]} 22. Nxf7 {[%emt 0:04:58]} Kxf7 {[%emt 0:01:12]} 23. cxb4 {[%emt 0:00:49]} Nxg3 {[%emt 0:00:34]} 24. hxg3 {[%emt 0:00:02]} Kg6 {[%emt 0:00:45]} 25. Kc1 {[%emt 0:01:10]} Rhc8 {[%emt 0:00:43]} 0-1

[Event "Niedersachsen-ch 2020"]
[Site "Verden-Aller"]
[Date "2020.01.05"]
[Round "7.6"]
[White "Knuedel, Torben"]
[Black "Stelmaszyk, Nico"]
[Result "0-1"]
[WhiteElo "2185"]
[BlackElo "2203"]
[Annotator "NA"]
[PlyCount "78"]
[EventDate "2020.01.02"]
[EventType "swiss"]
[EventCountry "GER"]
[SourceTitle "playchess.com"]
[Source "ChessBase"]
[SourceQuality "1"]
[TimeControl "40/5400+30:1800+30"]

1. e4 {[%emt 0:00:00]} c5 {[%emt 0:00:00]} 2. Nf3 {[%emt 0:00:00]} e6 {[%emt 0:00:00]} 3. d4 {[%emt 0:00:00]} cxd4 {[%emt 0:00:00]} 4. Nxd4 {[%emt 0:00:00]} Nc6 {[%emt 0:00:00]} 5. Nc3 {[%emt 0:00:05]} Nf6 {[%emt 0:00:00]} 6. Ndb5 {[%emt 0:00:06]} d6 {[%emt 0:00:06]} 7. Bf4 {[%emt 0:00:10]} e5 {[%emt 0:00:05]} 8. Bg5 {[%emt 0:00:03]} a6 {[%emt 0:00:04]} 9. Na3 {[%emt 0:01:07]} b5 {[%emt 0:00:07]} 10. Bxf6 {[%emt 0:00:12]} gxf6 {[%emt 0:00:04]} 11. Nd5 {[%emt 0:00:08]} Bg7 {[%emt 0:00:06]} 12. c3 {[%emt 0:00:15]} f5 {[%emt 0:00:04]} 13. Bd3 {[%emt 0:00:09]} Be6 {[%emt 0:00:37]} 14. Nxb5 {[%emt 0:00:14]} axb5 {[%emt 0:00:08]} 15. Bxb5 {[%emt 0:00:05]} Bd7 {[%emt 0:00:04]} 16. exf5 {[%emt 0:00:07]} O-O {[%emt 0:00:10]} 17. O-O {[%emt 0:00:35]} Re8 {[%emt 0:00:05]} 18. a4 {[%emt 0:00:53]} e4 {[%emt 0:00:04]} 19. Qg4 {[%emt 0:07:13]} Kh8 {[%emt 0:04:47]} 20. Rad1 $14 {[%emt 0:07:39]} Re5 {[%emt 0:04:42]} 21. Ne3 {[%emt 0:02:29]} Qe7 {[%emt 0:04:22]} 22. Rd5 {[%emt 0:38:48]} Rxd5 {[%emt 0:03:18]} 23. Nxd5 {[%emt 0:00:17]} Qe5 {[%emt 0:00:56]} 24. Nb6 {[%emt 0:08:13]} Bxf5 {[%emt 0:04:41]} 25. Qh5 {[%emt 0:01:52]} Rb8 {[%emt 0:02:59]} 26. Nc4 {[%emt 0:01:11]} Qe6 {[%emt 0:03:05]} 27. Nxd6 {[%emt 0:05:16]} Bg6 {[%emt 0:01:57]} 28. Qc5 {[%emt 0:02:32]} Ne5 {[%emt 0:00:18]} 29. Qc7 {[%emt 0:01:49]} Rg8 {[%emt 0:00:44]} 30. a5 {[%emt 0:06:47]} Nf3+ {[%emt 0:01:52]} 31. Kh1 {[%emt 0:01:49]} Be5 {[%emt 0:00:12]} 32. Rd1 {[%emt 0:03:42]} Bh5 {[%emt 0:07:59]} 33. Qd7 {[%emt 0:05:37]} Nh4 {[%emt 0:19:26]} 34. Nxf7+ {[%emt 0:03:46]} Qxf7 {[%emt 0:00:38]} 35. Qxf7 {[%emt 0:00:08]} Bxf7 {[%emt 0:00:04]} 36. Rd7 {[%emt 0:02:35]} Rxg2 {[%emt 0:01:15]} 37. a6 {[%emt 0:02:01]} Rxh2+ {[%emt 0:00:24]} 38. Kg1 {[%emt 0:00:03]} Nf3+ {[%emt 0:00:23]} 39. Kf1 {[%emt 0:00:13]} Rh1+ {[%emt 0:00:11]} 0-1

[Event "Niedersachsen-ch 2020"]
[Site "Verden-Aller"]
[Date "2020.01.05"]
[Round "7.7"]
[White "Hartogh, Christian"]
[Black "Stotyn, Fabian"]
[Result "0-1"]
[WhiteElo "2075"]
[BlackElo "2198"]
[Annotator "NA"]
[PlyCount "134"]
[EventDate "2020.01.02"]
[EventType "swiss"]
[EventCountry "GER"]
[SourceTitle "playchess.com"]
[Source "ChessBase"]
[SourceQuality "1"]
[TimeControl "40/5400+30:1800+30"]

1. e4 {[%emt 0:00:00]} c5 {[%emt 0:00:00]} 2. Nf3 {[%emt 0:00:00]} Nc6 {[%emt 0:00:00]} 3. c3 {[%emt 0:00:02]} d5 {[%emt 0:00:00]} 4. exd5 {[%emt 0:00:05]} Qxd5 {[%emt 0:00:00]} 5. d4 {[%emt 0:00:06]} e5 {[%emt 0:00:32]} 6. dxe5 {[%emt 0:01:16]} Qxd1+ {[%emt 0:01:12]} 7. Kxd1 {[%emt 0:00:09]} Bg4 {[%emt 0:00:06]} 8. Ke1 {[%emt 0:09:11]} Bxf3 {[%emt 0:01:53]} 9. gxf3 {[%emt 0:00:13]} Nxe5 {[%emt 0:00:21]} 10. Bb5+ {[%emt 0:00:19]} Kd8 {[%emt 0:01:39]} 11. Bf4 {[%emt 0:12:19]} Bd6 {[%emt 0:01:39]} 12. Ke2 {[%emt 0:02:55]} a6 {[%emt 0:02:34]} 13. Rd1 {[%emt 0:00:13]} Kc7 {[%emt 0:01:17]} 14. Bxe5 {[%emt 0:11:49]} Bxe5 {[%emt 0:01:07]} 15. Rd7+ {[%emt 0:03:25]} Kb6 {[%emt 0:02:51]} 16. Bc4 {[%emt 0:01:39]} Kc6 {[%emt 0:06:57]} 17. Rd3 {[%emt 0:10:05]} Nh6 {[%emt 0:02:04]} 18. Bd5+ {[%emt 0:03:04]} Kc7 $11 {[%emt 0:01:34]} 19. h3 {[%emt 0:03:52]} Rhe8 {[%emt 0:02:23]} 20. Kf1 {[%emt 0:00:18]} Rad8 {[%emt 0:01:45]} 21. Nd2 {[%emt 0:02:11]} Bf4 {[%emt 0:15:16]} 22. Rd1 {[%emt 0:02:21]} Bxd2 {[%emt 0:00:40]} 23. R1xd2 {[%emt 0:00:43]} Re7 {[%emt 0:01:00]} 24. Re3 {[%emt 0:06:00]} Nf5 {[%emt 0:04:39]} 25. Red3 {[%emt 0:02:44]} Nh4 {[%emt 0:01:30]} 26. Be4 {[%emt 0:03:24]} Rxd3 {[%emt 0:02:04]} 27. Rxd3 {[%emt 0:00:07]} f5 {[%emt 0:01:19]} 28. Bd5 {[%emt 0:00:07]} b6 {[%emt 0:00:30]} 29. Re3 {[%emt 0:02:47]} Ng6 {[%emt 0:02:04]} 30. Be6 {[%emt 0:04:00]} f4 {[%emt 0:02:38]} 31. Re4 {[%emt 0:00:36]} Kd6 {[%emt 0:01:22]} 32. Bc4 {[%emt 0:04:00]} b5 {[%emt 0:01:47]} 33. Be2 {[%emt 0:00:46]} Rxe4 {[%emt 0:02:55]} 34. fxe4 {[%emt 0:00:03]} Ne5 {[%emt 0:01:10]} 35. f3 {[%emt 0:00:46]} a5 {[%emt 0:03:03]} 36. Kg2 {[%emt 0:09:08]} b4 {[%emt 0:01:44]} 37. h4 {[%emt 0:01:06]} Ke6 {[%emt 0:00:59]} 38. Bb5 {[%emt 0:01:42]} Kf6 {[%emt 0:01:41]} 39. a4 {[%emt 0:01:39]} Kg6 {[%emt 0:00:58]} 40. cxb4 {[%emt 0:00:40]} cxb4 {[%emt 0:00:08]} 41. Be8+ {[%emt 0:32:34]} Kh6 {[%emt 0:31:00]} 42. Kh3 {[%emt 0:00:00]} g6 {[%emt 0:00:00]} 43. Bb5 {[%emt 0:00:00]} Kg7 {[%emt 0:00:00]} 44. Be2 {[%emt 0:00:00]} Kf6 {[%emt 0:00:00]} 45. Ba6 {[%emt 0:00:00]} h6 {[%emt 0:00:00]} 46. Kg2 {[%emt 0:00:00]} Ke7 {[%emt 0:00:00]} 47. Be2 {[%emt 0:00:00]} Kd6 {[%emt 0:00:00]} 48. Kf2 {[%emt 0:00:00]} Kc5 {[%emt 0:00:00]} 49. Ke1 {[%emt 0:00:00]} Kd4 {[%emt 0:00:00]} 50. Kd2 {[%emt 0:00:00]} g5 {[%emt 0:00:00]} 51. hxg5 {[%emt 0:00:00]} hxg5 {[%emt 0:00:00]} 52. b3 {[%emt 0:00:00]} g4 {[%emt 0:00:00]} 53. fxg4 {[%emt 0:00:00]} Kxe4 {[%emt 0:00:00]} 54. Bd1 {[%emt 0:00:00]} Kd5 {[%emt 0:00:00]} 55. g5 {[%emt 0:00:00]} Ke6 {[%emt 0:00:00]} 56. g6 {[%emt 0:00:00]} Kf6 {[%emt 0:00:00]} 57. Bc2 {[%emt 0:00:00]} Nf3+ {[%emt 0:00:00]} 58. Kd1 {[%emt 0:00:00]} Nd4 {[%emt 0:00:00]} 59. Be4 {[%emt 0:00:00]} Nxb3 {[%emt 0:00:00]} 60. Ke2 {[%emt 0:00:00]} Nc5 {[%emt 0:00:00]} 61. Bf5 {[%emt 0:00:00]} Ne6 {[%emt 0:00:00]} 62. Be4 {[%emt 0:00:05]} Nf8 {[%emt 0:00:00]} 63. Kd3 {[%emt 0:00:22]} Nxg6 {[%emt 0:00:00]} 64. Kc4 {[%emt 0:00:09]} Ne5+ {[%emt 0:00:11]} 65. Kb5 {[%emt 0:01:13]} f3 {[%emt 0:00:12]} 66. Kxa5 {[%emt 0:01:08]} f2 {[%emt 0:00:07]} 67. Bg2 {[%emt 0:00:59]} b3 {[%emt 0:00:10]} 0-1